| 000 | 00831nam0a22002651 4500 | ||
|---|---|---|---|
| 001 | RU\INFOCOMM_322\NLR\5000208314 | ||
| 005 | 20250614080118.0 | ||
| 035 | _a(NLR Aleph) 010593763 | ||
| 090 |
_a10512147 _c10512147 |
||
| 100 | _a20130301d1982 |||y0rusy50 ca | ||
| 101 | 0 | _aeng | |
| 102 | _aRU | ||
| 105 | _ay z|||| | ||
| 200 | 1 |
_aMousie goes for water _eLith. rhymes _fIll. by Tatyana Balčiunene _gTransl. by Fainna Solasko |
|
| 205 | _a3d print. | ||
| 210 |
_aM. _cProgress _d1982 |
||
| 215 |
_a[8] с. _cцв. ил. _d28 см |
||
| 300 | _aВ вып. дан.: Мышку по воду послали: Лит. нар. песенки | ||
| 620 | _aМосква | ||
| 686 |
_aДл215 _2rubbk |
||
| 801 | 1 |
_aRU _bInfocomm _c20130301 |
|
| 801 | 0 |
_aRU _bINFOCOMM _gPSBO |
|
| 852 |
_aNLR _jДл01 Д-8/1170 |
||
| 942 | _cBOOK | ||
| 980 | _aNB | ||